| 000 | 00837cam a2200265 i 4500 | ||
|---|---|---|---|
| 001 | 62440 | ||
| 003 | Mx-PuUPA | ||
| 005 | 20230316142023.0 | ||
| 008 | 150421s1983 mx r 000 0 spa d | ||
| 040 |
_aMx-PuUPA _bspa _cMx-PuUPA _dMx-PuUPA _erda |
||
| 041 | 0 | _aspa | |
| 100 | 1 |
_aCox, Patricia, _d1911- _eautor _9334 |
|
| 245 | 1 | 0 |
_aJuan Diego / _cPatricia Cox. |
| 250 | _a1a. edición | ||
| 264 | 1 |
_aN. L., México : _bEdiciones Al Voleo, _c1983 |
|
| 300 |
_a109 páginas ; _c22 cm |
||
| 336 |
_atexto _2rdacontent _btxt |
||
| 337 |
_asin medio _2rdamedia _bn |
||
| 338 |
_avolumen _2rdacarrier _bnc |
||
| 600 | 0 | 4 |
_aJuan Diego, _d1474-1548 _vBiografías |
| 600 | 0 | 4 |
_aVirgen de Guadalupe _x Apariciones y milagros _x Historia |
| 942 |
_2ddc _cLI _h920.008 _iC877 |
||
| 999 |
_c62440 _d62440 |
||